LEADER 01006nam a2200265 u 4500 001 000000078807 003 CaOOAMICUS 005 20070226123454.0 008 040517s2001 enk u000 u eng u 020 $a0198249683 035 $a10995344 040 $aPUL$bita 100 1 $aKenny, Anthony John Patrick.$0(OLS)http://pul/name/43317 245 14$aThe God of the philosophers /$cby Anthony Kenny. 260 $aOxford :$bClarendon press,$c2001. 300 $avii, 135 p. ;$c22 cm 500 $aContiene indici. 504 $aBibliografia in appendice. 650 4$aDio (filosofia).$0(OLS)http://pul/subject/404 850 $aPUL 852 $aPUL$W1$xSL Religione 1$y3$m64 H 44$j100997$nBK-PRI$b $qStampati$B100997$CPULBib$Z2$F100997 $HPUL90938 $81 941 1 $a8 996 $6020$a0198249683$9(OLS)http://pul/number/103368 996 $6245$aThe God of the philosophers$9(OLS)http://pul/title/103179 996 $6260$aOxford :$bClarendon press$9(OLS)http://pul/publisher/48614 LEADER 01564nam a2200301 u 4500 001 000000114512 003 CaOOAMICUS 005 20090209131721.0 008 090209s2008 it u001 0 ita r 020 $z978-88-498-2254-0* 040 $aPUL$bita$dLDB 100 1 $aFelice, Flavio,$d1969-$0(OLS)http://pul/name/42078 245 10$aAppunti di dottrina sociale della Chiesa :$bi cantieri aperti della pastorale sociale /$cFlavio Felice, Paolo Asolan ; prefazione di Ettore Gotti Tedeschi. 260 $aSoveria Mannelli :$bRubbettino,$cc2008. 300 $a148 p. ;$c21 cm 490 1 $aLa politica.$aMetodi, storie, teorie ;$v81 504 $aBibliografia in nota. 650 14$aDottrina sociale della Chiesa.$0(OLS)http://pul/subject/33229 700 1 $aAsolan, Paolo,$csacerdote,$d1967-$0(OLS)http://pul/name/70710 830 3$aLa politica.$pMetodi, storie, teorie ;$v81.$0(OLS)http://pul/title/75083 850 $aPUL 852 $aPUL$W1$xSL Religione 3$y85$m261. 8 FELFL 1$j130855$qDDC 21$B129922$CPULBib$Z2$F129922 $H109499 $82 852 $aPUL$W1$xDP2 Religione 3$y114$m261. 8 FELFL 1B$j199176$qDDC 21$B203828$CPULBib$Z2$F203828 $H135307 $82 941 1 $a9 960 $aDottrina sociale cristiana$933229 996 $6020$z978-88-498-2254-0*$9(OLS)http://pul/number/139651 996 $6245$aAppunti di dottrina sociale della Chiesa :$bi cantieri aperti della pastorale sociale$9(OLS)http://pul/title/143908 996 $6260$aSoveria Mannelli :$bRubbettino$9(OLS)http://pul/publisher/51639